[Event "I Trofeo Antica Scuola Napoletana"]
[Site "Napoli "]
[Date "2013.04.11"]
[Round "7"]
[White "Di Gennaro, Antonio"]
[Black "Cosenza, Gianni"]
[Result "0-1"]
[WhiteElo "1660"]
[BlackElo "1957"]
[PlyCount "78"]
[EventDate "2013.02.21"]
[EventType "swiss"]
[EventRounds "7"]
[EventCountry "ITA"]
[SourceDate "2005.09.12"]

1. e4 e6 2. d4 d5 3. Nc3 Nf6 4. Bg5 Be7 5. e5 Nfd7 6. Bxe7 Qxe7 7. f4 a6 8. Nf3
c5 9. Qd2 Nc6 10. dxc5 Nxc5 11. O-O-O b5 12. Bd3 Nxd3+ 13. cxd3 Bd7 14. Kb1 O-O
15. Qf2 f6 16. Rhe1 b4 17. exf6 Qxf6 18. Ne2 a5 19. d4 Be8 20. Qh4 h6 21. Qxf6
Rxf6 22. Rc1 a4 23. Ne5 Na5 24. Rc5 b3 25. a3 Nb7 26. Rc7 Nd6 27. g3 Nf5 28.
Rc5 Ne3 29. Rec1 Nc2 30. Nf3 Bg6 31. R1xc2 Bxc2+ 32. Ka1 Bd1 33. Neg1 Rff8 34.
Rc1 Bxf3 35. Nxf3 Rfc8 36. Rd1 Rc2 37. Ne5 Rac8 38. Nd3 R8c4 39. Kb1 Rxd4 0-1

[Event "I Trofeo Antica Scuola Napoletana"]
[Site "Napoli "]
[Date "2013.04.11"]
[Round "7"]
[White "Esposito, Luca"]
[Black "Baltzopoulos, Giorgos"]
[Result "1-0"]
[WhiteElo "2285"]
[BlackElo "1957"]
[PlyCount "91"]
[EventDate "2013.02.21"]
[EventType "swiss"]
[EventRounds "7"]
[EventCountry "ITA"]
[SourceDate "2005.09.12"]

1. d4 Nf6 2. c4 g6 3. Nc3 d5 4. Nf3 Bg7 5. Qb3 dxc4 6. Qxc4 O-O 7. e4 Nc6 8.
Be2 Bg4 9. d5 Bxf3 10. gxf3 Na5 11. Qa4 c6 12. dxc6 Nxc6 13. Be3 Qc8 14. h4 e5
15. O-O-O Nh5 16. Kb1 Nd4 17. Nd5 Qd8 18. Bf1 b5 19. Bxb5 Rb8 20. Bc4 a5 21. b3
Kh8 22. f4 Nf3 23. Be2 exf4 24. Bc5 Ne5 25. Bxh5 gxh5 26. Nxf4 Qc8 27. Bd4 Rb4
28. Qa3 Rxd4 29. Rxd4 Nf3 30. Rd3 Ne5 31. Rg3 Ng6 32. Nxh5 Be5 33. Qc1 Qe6 34.
Qc4 Bxg3 35. Qxe6 fxe6 36. fxg3 Rf2 37. Rd1 Kg8 38. Rd8+ Nf8 39. e5 Rf5 40.
Nf6+ Kf7 41. Ra8 Rxe5 42. Rxf8+ Kg7 43. Nd7 Re1+ 44. Kc2 Re2+ 45. Kd3 Rxa2 46.
Rf3 1-0

[Event "I Trofeo Antica Scuola Napoletana"]
[Site "Napoli "]
[Date "2013.04.11"]
[Round "7"]
[White "Farina, Walter"]
[Black "Esposito, Rosario"]
[Result "1/2-1/2"]
[WhiteElo "1628"]
[BlackElo "1818"]
[PlyCount "102"]
[EventDate "2013.02.21"]
[EventType "swiss"]
[EventRounds "7"]
[EventCountry "ITA"]
[SourceDate "2005.09.12"]

1. e4 c5 2. Nf3 e6 3. d4 cxd4 4. Nxd4 Nc6 5. Nc3 Qc7 6. a3 a6 7. Be3 Nf6 8. Be2
Be7 9. O-O O-O 10. f4 d6 11. Bf3 Bd7 12. Nde2 Rac8 13. g4 Na5 14. Kh1 Nc4 15.
Bc1 Bc6 16. Nd4 Bd7 17. g5 Ne8 18. f5 Bxg5 19. Bxg5 Nxb2 20. Qe1 Qxc3 21. Qxc3
Rxc3 22. Be7 e5 23. Rab1 exd4 24. Rxb2 Bc6 25. Rb4 Rxa3 26. Rxd4 Rc3 27. Rf2 a5
28. Rd3 Rc4 29. Re2 a4 30. Ra3 b5 31. c3 f6 32. Bxf8 Kxf8 33. Kg2 Ke7 34. Kf2
Nc7 35. Ke3 Na6 36. Kd2 Nc5 37. Re3 Kf8 38. Be2 Rxe4 39. Rxe4 Nxe4+ 40. Kd3 Ke7
41. Kd4 d5 42. Ra2 Kd6 43. Rb2 Nc5 44. Bd1 Ne4 45. Be2 Nc5 46. Bd1 Bd7 47. Bc2
Na6 48. Bxa4 Nc7 49. Bc2 Na6 50. Bd3 Nc7 51. Rg2 Ne8 1/2-1/2

[Event "I Trofeo Antica Scuola Napoletana"]
[Site "Napoli "]
[Date "2013.04.11"]
[Round "7"]
[White "Parente, Giuseppe"]
[Black "Miccoli, Livio"]
[Result "1-0"]
[WhiteElo "1744"]
[BlackElo "1614"]
[PlyCount "89"]
[EventDate "2013.02.21"]
[EventType "swiss"]
[EventRounds "7"]
[EventCountry "ITA"]
[SourceDate "2005.09.12"]

1. Nf3 Nf6 2. e3 g6 3. b3 Bg7 4. Bb2 O-O 5. Be2 c5 6. d4 cxd4 7. exd4 d5 8. O-O
b6 9. a4 Qc7 10. Re1 Ba6 11. Bxa6 Nxa6 12. Qe2 Nb4 13. Na3 Nc6 14. Rac1 Bh6 15.
Rcd1 Ne4 16. c3 a6 17. Nb1 Na5 18. Qc2 Rfc8 19. Rd3 Nc6 20. Ne5 Nb4 21. Qd1
Nxd3 22. Nxd3 Ra7 23. f3 Nd6 24. Bc1 Bxc1 25. Qxc1 Kg7 26. Qe3 Nf5 27. Qe2 Qd6
28. Nb4 Nxd4 29. Qd1 Nc6 30. Nxd5 Rd8 31. c4 e6 32. Ne3 Rad7 33. Qc1 Qc5 34.
Kf1 Rd3 35. Nc3 Qb4 36. Ne4 Qxb3 37. c5 b5 38. axb5 axb5 39. Ng4 Kf8 40. Qh6+
Ke8 41. Ngf6+ Ke7 42. Qg5 Qc4 43. Nd5+ Kf8 44. Qh6+ Ke8 45. Nef6# 1-0

[Event "I Trofeo Antica Scuola Napoletana"]
[Site "Napoli "]
[Date "2013.04.11"]
[Round "7"]
[White "Rosato, Luciano"]
[Black "Gonzini, Gianmaria"]
[Result "1-0"]
[WhiteElo "2212"]
[BlackElo "1984"]
[PlyCount "57"]
[EventDate "2013.02.21"]
[EventType "swiss"]
[EventRounds "7"]
[EventCountry "ITA"]
[SourceDate "2005.09.12"]

1. Nf3 e6 2. d3 h6 3. g3 b6 4. Bg2 Bb7 5. O-O g6 6. e4 Bg7 7. Nc3 Ne7 8. Be3
O-O 9. h4 d6 10. Qd2 Kh7 11. h5 g5 12. e5 d5 13. d4 Nd7 14. Rfe1 a6 15. Bf1 c5
16. Kg2 Nxe5 17. Nxe5 Bxe5 18. Bxg5 Bxd4 19. Bd3+ Kh8 20. Bxe7 Be3 21. fxe3
Qxe7 22. e4 Qf6 23. exd5 exd5 24. Qf4 Qxf4 25. gxf4 Rae8 26. Kf2 b5 27. Rxe8
Rxe8 28. Re1 Rxe1 29. Kxe1 1-0

[Event "I Trofeo Antica Scuola Napoletana"]
[Site "Napoli "]
[Date "2013.04.11"]
[Round "7"]
[White "Schiappoli, Dario"]
[Black "Condorelli, Pietro"]
[Result "1/2-1/2"]
[WhiteElo "1922"]
[BlackElo "1710"]
[PlyCount "75"]
[EventDate "2013.02.21"]
[EventType "swiss"]
[EventRounds "7"]
[EventCountry "ITA"]
[SourceDate "2005.09.12"]

1. e4 c5 2. Nf3 d6 3. d4 cxd4 4. Nxd4 Nf6 5. Nc3 a6 6. Bc4 e6 7. Bb3 Nbd7 8. a3
Be7 9. f4 Nc5 10. Ba2 O-O 11. Qf3 e5 12. Nde2 Bg4 13. Qe3 Be6 14. Bxe6 fxe6 15.
O-O exf4 16. Nxf4 a5 17. Bd2 Ng4 18. Qh3 Nf6 19. b4 axb4 20. axb4 Rxa1 21. Rxa1
e5 22. bxc5 exf4 23. Bxf4 dxc5 24. Qe6+ Kh8 25. Rd1 Qe8 26. Bc7 b5 27. e5 c4
28. Bd6 Bxd6 29. Qxd6 Ng4 30. e6 Ne3 31. e7 Rf7 32. Re1 Qxe7 33. Nxb5 h6 34.
Qd4 Qb4 35. Qxe3 Qxb5 36. Qe8+ Qxe8 37. Rxe8+ Kh7 38. Re4 1/2-1/2

[Event "I Trofeo Antica Scuola Napoletana"]
[Site "Napoli "]
[Date "2013.04.11"]
[Round "7"]
[White "Solombrino, Giovanni"]
[Black "Di Meo, Antonio"]
[Result "1/2-1/2"]
[WhiteElo "1857"]
[BlackElo "1913"]
[PlyCount "63"]
[EventDate "2013.02.21"]
[EventType "swiss"]
[EventRounds "7"]
[EventCountry "ITA"]
[SourceDate "2005.09.12"]

1. e4 e6 2. d4 a6 3. Bd3 b5 4. Nf3 Bb7 5. O-O Nf6 6. e5 Nd5 7. c3 c5 8. Bg5 Qb6
9. Nbd2 Nc6 10. dxc5 Qc7 11. Re1 Bxc5 12. Ne4 Bf8 13. a4 bxa4 14. Qxa4 h6 15.
Bh4 Nf4 16. Bc2 Nh5 17. Rad1 g5 18. Bg3 Be7 19. Nf6+ Bxf6 20. exf6 Nxg3 21.
hxg3 Qd8 22. Nd2 Qa5 23. Ne4 Rb8 24. Qxa5 Nxa5 25. Nd6+ Kf8 26. Ra1 Nc6 27.
Nxb7 Rxb7 28. Rxa6 h5 29. Rd1 Rh6 30. Be4 Rxf6 31. Bxc6 dxc6 32. b4 1/2-1/2

[Event "I Trofeo Antica Scuola Napoletana"]
[Site "Napoli "]
[Date "2013.04.11"]
[Round "7"]
[White "Taurisano, Vincenzo"]
[Black "Capone, Vincenzo"]
[Result "1-0"]
[WhiteElo "1854"]
[BlackElo "2185"]
[PlyCount "153"]
[EventDate "2013.02.21"]
[EventType "swiss"]
[EventRounds "7"]
[EventCountry "ITA"]
[SourceDate "2005.09.12"]

1. e4 c5 2. d4 cxd4 3. c3 d5 4. Qxd4 dxe4 5. Qxe4 Nc6 6. Bb5 Bd7 7. Nf3 Nf6 8.
Qe2 Qc7 9. O-O e6 10. Bg5 Be7 11. Nbd2 a6 12. Bd3 O-O 13. Nc4 Nd5 14. Qe4 f5
15. Qh4 Bxg5 16. Qxg5 e5 17. Ne3 Nxe3 18. Qxe3 Kh8 19. Bc2 Rae8 20. Rfe1 e4 21.
Nd4 Ne5 22. Rad1 Rf6 23. Ne2 f4 24. Qxe4 Bf5 25. Qxf5 Rxf5 26. Bxf5 f3 27. Nf4
Qf7 28. g4 g6 29. Rd5 Nxg4 30. Rxe8+ Qxe8 31. Ne6 gxf5 32. Rd8 Qxd8 33. Nxd8 b6
34. Nc6 Kg7 35. Nb4 Ne5 36. Nxa6 Nd3 37. b4 Nc1 38. a4 Ne2+ 39. Kf1 Nxc3 40. a5
Nd5 41. Nb8 bxa5 42. bxa5 Kf6 43. a6 Nc7 44. a7 Ke5 45. Na6 Na8 46. Nb4 Kd4 47.
Nc2+ Kd3 48. Ne3 Ke4 49. h3 Nc7 50. Kg1 h5 51. Kh2 f4 52. Nc4 Na8 53. Nd2+ Kd5
54. Nxf3 Kc6 55. Nd4+ Kb6 56. Ne6 Kxa7 57. Nxf4 Kb7 58. Nxh5 Kc7 59. Kg3 Kd7
60. Kg4 Ke7 61. f4 Nb6 62. Kg5 Kf7 63. Ng3 Nd5 64. Ne4 Kg7 65. h4 Kf7 66. h5
Kg7 67. h6+ Kf7 68. f5 Kf8 69. f6 Kg8 70. Nd6 Nc7 71. Kg6 Ne6 72. f7+ Kh8 73.
Kf6 Nf8 74. Ke7 Ng6+ 75. Ke8 Kh7 76. Nf5 Kh8 77. Ne7 1-0

[Event "Championnat 13"]
[Site "Vitrolles"]
[Date "2013.03.23"]
[Round "9"]
[White "Danielan, Kevin"]
[Black "Busson, Benoist"]
[Result "1/2-1/2"]
[WhiteElo "1767"]
[BlackElo "1957"]
[PlyCount "110"]
[EventDate "2012.??.??"]
[EventType "swiss"]
[EventRounds "6"]
[EventCountry "FRA"]
[SourceDate "2005.09.12"]

1. d4 d6 2. c4 e5 3. dxe5 dxe5 4. Qxd8+ Kxd8 5. Nf3 f6 6. Nc3 c6 7. Bd2 Be6 8.
e3 Nd7 9. Ne4 Kc7 10. O-O-O a5 11. Bc3 Nh6 12. Be2 Nf7 13. Rd2 Nd6 14. Nxd6
Bxd6 15. Rhd1 Bb4 16. Bxb4 axb4 17. b3 Nc5 18. Bf1 Ra3 19. Rb2 Ne4 20. Bd3 Nc3
21. Rdd2 Rha8 22. Bb1 b5 23. cxb5 Nxb5 24. Ng1 Nc3 25. Ne2 R8a5 26. f3 Rc5 27.
Rbc2 Bxb3 28. axb3 Rxb3 29. Nxc3 Rcxc3 30. Rxc3 Rxc3+ 31. Kb2 Rxe3 32. Bxh7 c5
33. Bd3 Kc6 34. Bc4 Rc3 35. Rc2 Re3 36. Rc1 f5 37. Kc2 g5 38. Kd2 Ra3 {(=)} 39.
Be6 e4 40. fxe4 fxe4 41. Re1 Rd3+ 42. Kc2 Rd4 43. Kb3 {(=)} Kb5 44. Rc1 Rd3+
45. Kb2 Rd4 46. Kb3 Rd3+ 47. Kb2 Rd2+ 48. Rc2 Rd4 49. Kb3 e3 50. Bc4+ Kc6 51.
Re2 Re4 52. Bd3 Re5 53. Bc4 Re4 54. Bd3 Re5 55. Bc4 Re4 1/2-1/2

[Event "Championnat 13"]
[Site "Vitrolles"]
[Date "2013.03.23"]
[Round "9"]
[White "Estevez, Eric"]
[Black "Dudognon, Thibault"]
[Result "0-1"]
[WhiteElo "1939"]
[BlackElo "1932"]
[PlyCount "72"]
[EventDate "2012.??.??"]
[EventType "swiss"]
[EventRounds "6"]
[EventCountry "FRA"]
[SourceDate "2005.09.12"]

1. e4 c5 2. b4 cxb4 3. a3 d5 4. exd5 Qxd5 5. Nf3 e5 6. axb4 Bxb4 7. Na3 Bxa3 8.
Bxa3 Nc6 9. c3 Nge7 10. Be2 O-O 11. O-O Rd8 12. Qb1 Bf5 13. Qxb7 Rab8 14. Qa6
Ng6 15. Bc4 Qd7 16. Bc5 Be4 17. Ng5 Bd5 18. Be3 h6 19. Bxd5 Qxd5 20. Nf3 Rd6
21. Qa4 Rf6 22. Ne1 Nf4 23. f3 Rb2 24. Rf2 a5 25. d4 Rxf2 26. Kxf2 exd4 27.
Bxd4 Re6 28. Rd1 Qh5 29. Kg1 Ne2+ 30. Kh1 Qh4 31. Qa1 Ng3+ 32. Kg1 Ne2+ 33. Kh1
Rg6 34. Rd2 Ncxd4 35. cxd4 Qf2 36. Rxe2 Qf1# 0-1

[Event "Championnat 13"]
[Site "Vitrolles"]
[Date "2013.03.23"]
[Round "9"]
[White "Anton, Jose"]
[Black "Battaglia, Gerard"]
[Result "0-1"]
[WhiteElo "1903"]
[BlackElo "1846"]
[PlyCount "61"]
[EventDate "2012.??.??"]
[EventType "swiss"]
[EventRounds "6"]
[EventCountry "FRA"]
[SourceDate "2005.09.12"]

1. e4 e6 2. d4 d5 3. e5 c5 4. c3 Qb6 5. Nf3 Bd7 6. Bd3 Bb5 7. dxc5 Bxc5 8. b4
Bf8 9. a4 Bxd3 10. Qxd3 Nd7 11. O-O Ne7 12. Re1 Rc8 13. Be3 Qc7 14. Bxa7 b6 15.
Na3 Nc6 16. Nb5 Qb7 17. a5 Nxa7 18. axb6 Nxb5 19. Qxb5 Qxb6 20. Qd3 Be7 21. Nd4
O-O 22. Ra6 Qb8 23. Nc6 Rxc6 24. Rxc6 Nxe5 25. Qa6 Nxc6 26. Qxc6 Rc8 27. Qa6
Rxc3 28. b5 Rb3 29. Rc1 Bf8 30. h3 Qxb5 31. Qa8 0-1

[Event "Championnat 13"]
[Site "Vitrolles"]
[Date "2013.03.23"]
[Round "9"]
[White "Arslan, Paul-Peter"]
[Black "Chauvet, Jean-Marc"]
[Result "1/2-1/2"]
[WhiteElo "1850"]
[BlackElo "1936"]
[PlyCount "44"]
[EventDate "2012.??.??"]
[EventType "swiss"]
[EventRounds "6"]
[EventCountry "FRA"]
[SourceDate "2005.09.12"]

1. c4 Nf6 2. Nc3 e5 3. g3 Bb4 4. Bg2 O-O 5. e4 c6 6. Nge2 Re8 7. O-O d6 8. d3
Nbd7 9. f4 Nf8 10. f5 d5 11. exd5 cxd5 12. Nxd5 Nxd5 13. Bxd5 Bd7 14. Be3 Bc6
15. Bxc6 bxc6 16. Nc3 Bxc3 17. bxc3 Nd7 18. Qd2 Qc7 19. Rab1 Rad8 20. d4 Nb6
21. Rbe1 Nxc4 22. Qc1 Qa5 1/2-1/2

[Event "Championnat 13"]
[Site "Vitrolles"]
[Date "2013.03.23"]
[Round "9"]
[White "Flores, Adrian"]
[Black "Faure, Alexandre"]
[Result "1-0"]
[WhiteElo "1922"]
[BlackElo "1852"]
[PlyCount "45"]
[EventDate "2012.??.??"]
[EventType "swiss"]
[EventRounds "6"]
[EventCountry "FRA"]
[SourceDate "2005.09.12"]

1. d4 Nf6 2. c4 g6 3. f3 d5 4. cxd5 Nxd5 5. e4 Nb6 6. Nc3 Bg7 7. Be3 O-O 8. Qd2
e5 9. O-O-O Nc6 10. d5 Ne7 11. h4 h5 12. Nh3 Bd7 13. Kb1 c6 14. d6 Nec8 15. Nf2
Be6 16. g4 hxg4 17. Nxg4 Bxg4 18. fxg4 Qd7 19. h5 Rd8 20. hxg6 fxg6 21. Qh2
Qxg4 22. Qh7+ Kf8 23. Bh3 1-0

[Event "Championnat 13"]
[Site "Vitrolles"]
[Date "2013.03.09"]
[Round "8"]
[White "Dudognon, Thibault"]
[Black "Danielan, Kevin"]
[Result "1-0"]
[WhiteElo "1932"]
[BlackElo "1767"]
[Annotator "Gozzoli,Y"]
[PlyCount "81"]
[EventDate "2012.??.??"]
[EventType "swiss"]
[EventRounds "6"]
[EventCountry "FRA"]
[SourceDate "2005.09.12"]

1. e4 c5 2. Nf3 Nc6 3. d4 cxd4 4. Nxd4 Nf6 5. Nc3 e5 {La variante Sveshnikov 
(anciennement Pélikan), une des Siciliennes les plus complexes.} 6. Ndb5 {Les
Blancs soulignent immédiatement l'affaiblissement de la case d6.} d6 7. Bg5 {
La continuation logique, les Blancs vont souligner les problèmes stratégiques
des Noirs ( case d5 et pion d6 arriéré sur une colonne ouverte ). Leur "rêve"
serait d'obtenir une finale avec N contre le "mauvais" Be7. En compensation,
les Noirs vont obtenir la paire de B et une structure pions très mobile. Cette
ouverture est typique de l'affrontement statique-dynamique.} a6 {Bxf6 suivi de
Nd5 était menacé.} 8. Na3 {Encore un problème pour les Blancs. Le Na3 est
hors-jeu et il va prendre du temps pour les Blancs pour qu'il revienne dans le
jeu (en général via c2 après que les Blancs aient poussé c2-c3 ou c2-c4).} b5
9. Nd5 {l'approche positionelle.} (9. Bxf6 gxf6 10. Nd5 {mène à un jeu plus
tranchant.}) 9... Be7 10. Bxf6 Bxf6 11. c3 (11. c4 {est le coup préféré à haut
niveau.}) 11... Bg5 12. Nc2 O-O 13. a4 bxa4 14. Rxa4 a5 15. Bc4 Rb8 16. Ra2 $5
(16. b3 Kh8 17. Nce3 g6 $13 {fût pendant longtemps la continuation principale.}
) 16... Kh8 {Les deux joueurs sont très bien préparés et sont entrés dans une
des lignes critiques de la Variante Sveshnikov.} 17. O-O $6 {pas le plus
précis !} (17. Nce3 g6 (17... Bxe3 $5) 18. h4 $13 {est la variante qui
"justifie" 16.Ra2.}) 17... f5 $11 {Diagramme [#] Les Noirs n'ont aucun
problème. On voit ici l'inconvénient de la position blanche. Ils ont créé
beaucoup de faiblesses, mais ont perdu beaucoup de temps à regrouper leurs
pièces. De plus, l'occupation de la case d5 rend impossible l'attaque de d6.
Pendant ce temps, les Noirs ont amélioré la position de leurs pièces et ont
réussi la poussée f7-f5.} (17... g6 $5) 18. f3 $2 {Une sérieuse faute
stratégique qui affaiblit terriblement les cases noires.} (18. exf5 Bxf5 19.
Nce3 Bg6 {suivi de e5-e4 et Nc6-e5 donne un bon jeu aux Noirs.} 20. f3 $5)
18... Ne7 $1 {Une excellente réaction ! Les Noirs profitent de la passivité
des pièces blanches pour contester le centre.} (18... f4 $6 {il est encore
trop tôt pour fermer l'aile-K bien que l'idée de lancer une attaque type
Est-Indienne (f5-f4, g7-g5-g4...etc) soit un plan possible.}) 19. Nxe7 Qxe7 $15
{Le Nc2 n'est toujours pas en jeu (la case e3 n'est plus d'actualité pour lui
à cause du clouage Qa7) et on se demande vraiment ce que fait la Ra2 !} 20. b3
{Finalement !} fxe4 21. fxe4 Rf4 $6 {Je n'aime pas ce coup. Il permet aux
Blancs de revenir dans la partie.} (21... Bb7 $1 {force la défense passive} 22.
Re1 (22. Bd5 $2 Rxf1+ $1 23. Qxf1 (23. Kxf1 Bxd5 24. Qxd5 (24. exd5 Qa7 $19 {
suivi de Rf8 gagne.}) 24... Qf6+ 25. Ke2 Rf8 {avec une attaque gagnante.})
23... Bxd5 24. exd5 Qc7 $19 {gagne du matériel et la partie.}) (22. Bd3 {
permet le coup libérateur} d5 $1 23. exd5 Qc5+ 24. Kh1 Qxd5 $19 {avec une
énorme attaque pour les Noirs.}) 22... Rf4 $1 $17 {attaque e4 et prépare le
doublement des R sur la colonne 'f'.}) 22. Rxf4 $1 Bxf4 $6 ({Il fallait garder
le caractère dynamique de la position par} 22... exf4 23. Rxa5 Bf6 24. Qd3 Bb7
25. Bd5 Bxd5 26. Qxd5 h6 $13 {et rien n'est clair, le dynamisme des pièces
noires compensant le matériel en moins.}) 23. g3 $1 {Un excellent coup qui
donne un peu d'air au K blanc et repousse le B sur une mauvaise case.} Qa7+ 24.
Kg2 Bb7 $1 {Diagramme [#] Une superbe réaction ! Les Noirs refusent de tomber
dans une défense passive.} 25. Bd5 $1 (25. gxf4 $2 {permet aux Noirs de
développer une forte attaque après} Bxe4+ 26. Kf1 (26. Kh3 Qf2 $1 27. Qg4 Bxc2
$19) (26. Kg3 exf4+ 27. Kxf4 Qe7 $1 28. Qd4 d5 $1 29. Bxd5 Rf8+ 30. Ke3 Bxd5+
31. Kd3 Bxb3 $19) 26... Rf8 27. Ke2 Rxf4 28. Kd2 (28. Qxd6 Qf2+ 29. Kd1 Bxc2+
30. Rxc2 Qg1+ 31. Kd2 Qg5 $1 32. Kd1 Qg1+ $11) 28... Rf2+ 29. Kc1 Rxh2 $40)
25... Bh6 $6 {Pas la meilleure case pour le B. D'ici il ne contrôle qu'une
diagonale.} (25... Bg5 {pour se garder la possibilité d'aller en e7 était
nécéssaire.}) 26. b4 $6 {Diagramme [#]} (26. Na3 $1 $16 {libérant la 2nde
rangée pour la R et préprant l'arrivée du N en c4 était fort.}) 26... Bxd5 $1
27. exd5 Qc7 (27... Rf8 $5 28. Qe2 a4 $13) 28. Qd3 axb4 29. Nxb4 $11 {la
position est équilibrée, mais si les Blancs arrivent à amener leur N sur e6 ou
e4 alors ils seront beaucoup mieux.} e4 $6 {Pas nécéssaire !} (29... Rf8 30. c4
g6 $11) 30. Qxe4 Qxc3 31. Nc6 $14 {D'un coup les pièces blanches se trouvent
être bien mieux organisées mais il n'y a encore rien de dramatique pour les
Noirs.} Rf8 32. Rf2 (32. Nd4 $5 {pour amener le N en e6 méritait l'attention.}
Qc4 33. Re2 g6 34. Ne6 Qxe4+ 35. Rxe4 {Bien entendu, le résultat probable est
le partage des points. Cependant, ce type de position est très désagréable à
jouer pour les Noirs car le N est supérieur au B quand les pions sont sur une
même aile.}) 32... Rxf2+ 33. Kxf2 Qf6+ $6 {Ce coup n'est pas une faute en lui
même, mais l'idée avec laquelle il a été joué en est une !} (33... g6 {et je
ne vois pas d'autre issue que la nulle.}) 34. Kg2 Qf7 $4 {Voilà ! Les Noirs
ont enlevé leur Q d'une case active pour la "ranger" en f7 d'ou elle ne fait
rien ! Cette simple erreur d'appréciation va leur coûter la partie.} ({Il
était encore temps de jouer} 34... g6 $11) 35. Qe6 $1 {Un excellent choix. Le
N va dominer le B adverse et les Noirs ne peuvent plus rien faire pour
proposer du contre-jeu.} Qxe6 $6 {accelère la fin.} (35... Qf8 36. Ne7 g6 37.
Qxd6 $16 {et les Blancs ont encore des problèmes techniques à résoudre avant
de convertir leur avantage en point.}) 36. dxe6 Kg8 37. Kf3 Kf8 38. Ke4 Bc1 39.
Kd5 Ba3 40. Nd4 {menace Nf5 et Nb5 gagnant le pion d6.} g5 41. g4 {et les
Noirs sont impuissants face à la manoeuvre Nf5-Nxd6.} 1-0

[Event "Championnat 13"]
[Site "Vitrolles"]
[Date "2013.03.09"]
[Round "8"]
[White "Battaglia, Gerard"]
[Black "Arslan, Paul-Peter"]
[Result "1-0"]
[WhiteElo "1846"]
[BlackElo "1850"]
[Annotator "Gozzoli,Y"]
[PlyCount "59"]
[EventDate "2012.??.??"]
[EventType "swiss"]
[EventRounds "6"]
[EventCountry "FRA"]
[SourceDate "2005.09.12"]

1. d4 c5 2. d5 d6 3. c4 Nf6 4. Nc3 g6 5. e4 Bg7 {Nous obtenons par un ordre de
coup spécial une Est-Indienne/Benoni où les Noirs vont se garder la
possibilité de pousser e7-e6 ou e7-e5.} 6. Be2 $6 {Pas une imprécision en soit,
mais c'est le coup suivant qui le rend imprécis !} (6. f4) 6... O-O 7. f4 $6 (
7. Nf3 {classique}) (7. Bg5 {Variante Averbakh de l'Est-Indienne.}) 7... Na6 $6
{Les Noirs n'ont pas saisi l'idée de leur ouverture. Laisser le centre à
l'adversaire c'est une chose, mais c'est surtout pour ensuite l'attaquer !} (
7... b5 $1 {est une option importante, afin de démontrer que le 6ème coup
blanc est une imprécision.} 8. cxb5 a6 9. bxa6 (9. Nf3 axb5 10. Bxb5 Nxe4 $1
11. Nxe4 Qa5+ 12. Nc3 Bxc3+ 13. bxc3 Qxb5 $17) 9... Qa5 10. Bd2 Bxa6 $44 {et
les Blancs auront perdu un temps à échanger leur Be2 comparé à la position
avec Nf3 à la place de Be2.}) (7... e6) 8. Nf3 Nc7 9. a4 $6 {Il n'y a aucune
raison d'affaiblir b4 pour l'instant.} (9. O-O a6 10. a4 $1) 9... Bd7 $2 {Pour
quoi faire ?} (9... Na6 $1 10. O-O Nb4 $13 {les Noirs ont trouvé une case
stable pour ce N.}) 10. e5 $1 {Les Blancs profitent que la case d7 ne soit
plus disponible pour chasser le Nf6.} Nfe8 11. O-O $16 {Diagramme [#]
L'ouverture noire a tourné à la catastrophe, leurs pièces se marchent dessus
et ils n'ont pas l'ombre d'un contre-jeu.} a6 12. a5 $1 {Thématique, fixe b6
et empêche b7-b5.} e6 {Les Noirs ne sont pas du tout prêt à l'ouverture du
centre mais quoi de mieux ?!} 13. Be3 exd5 14. cxd5 Qe7 $6 (14... Bg4 {Il faut
échanger des pièces pour résoudre le problème d'espace.}) 15. Qd2 (15. Bf2 $1 {
pour "recycler" le B en h4 était fort.} dxe5 $2 16. fxe5 $1 Bxe5 17. Nxe5 Qxe5
18. Bxc5 Nd6 $2 19. Bxd6 $1 Qxd6 20. Ne4 Qb4 21. Nf6+ Kg7 22. Nxd7 $18) 15...
dxe5 $4 {Une grosse faute de compréhension. Les Noirs ne peuvent pas ouvrir le
centre alors que leurs pièces sont toutes mal placées !} (15... Nb5 $142 $16)
16. fxe5 $18 Bxe5 $2 {donner le B de cases noires après avoir jouer g6 et en
général pas une très bonne idée, surtout quand son adversaire dispose encore
du sien !} 17. Nxe5 Qxe5 18. Bxc5 Nd6 $2 {gagne plus qu'une simple qualité !}
19. Bd4 {La position reste complétement gagnante mais...} (19. Bxd6 $1 {met
fin immédiatement à la partie.} Qxd6 20. Ne4 Qe5 (20... Qe7 21. Nf6+ Kh8 22. d6
Qe6 23. dxc7 $18) 21. Nf6+ Kg7 22. Nxd7 $18) 19... Qe7 20. Bf6 {Relire le
commentaire du 16ème coup...} Ne4 21. Nxe4 (21. Qe3 Qxf6 22. Rxf6 Nxf6 23. Qe7
Nce8 24. Rf1 $18) 21... Qxe4 22. d6 $6 (22. Rf4 $1 Qxd5 23. Rd4 Qe6 24. Rf1 Ne8
25. Bg4 Qxg4 26. Rxg4 Bxg4 27. Be7 $18) 22... Ne8 (22... Qd5 $142) 23. Be7 Rc8
24. Bf3 Rc2 25. Qh6 (25. Bxe4 Rxd2 26. Rad1 Rxb2 27. Bd5 $18) 25... Qd4+ 26.
Kh1 Qg7 27. Bxf8 Qxf8 28. Qxf8+ Kxf8 29. Bxb7 Nxd6 30. Bf3 $6 (30. Bxa6 $18)
1-0